000 00931nas a2200313 4500
001 BR0502197
003 BR-BrBNA
005 20231205105320.0
007 ta
008 230509b bl.|||p| |||| 00| 00por d
040 _aBR-BrBNA
_bpor
_cBiblioteca Nacional de Agricultura
041 _a(Pt)
072 _aP34
100 1 _aBarberi, A.
100 1 _aMoreira, F.M.S.
100 1 _aFlorentino, L.A.
100 1 _aRodrigues, M.I.D
245 1 _aCrescimento de Bradyrhizobium elkanii estirpe BR 29 em meios de cultivo com diferentes valores de pH inicial
650 _aSOJA
650 _aRHIZOBIUM
650 _aACIDEZ DO SOLO
650 _aCRESCIMENTO
650 _aPLANTIO DIRETO
650 _aMEIO DE CULTURA
650 _aPH
773 0 _tCiência e Agrotecnologia (Brazil)
_xISSN 1413-7054
_g(Mar-Apr 2004), v. 28(2) p. 399-408
_wBR0502197
909 _a202311
_bLúcia
_c55
_dLúcia Elande
942 _2AGRIS
_n0
_cANA
999 _c182317
_d182317